Hundred year history of the P. & O.: Peninsular and Oriental Steam Navigation Company (Record no. 340365)

MARC details
000 -LEADER
fixed length control field 004630000a22001690004500
005 - DATE AND TIME OF LATEST TRANSACTION
control field 20120302052527.0
040 ## - CATALOGING SOURCE
Original cataloging agency ENG
100 ## - MAIN ENTRY--PERSONAL NAME
Personal name Cable, Boyd
245 ## - TITLE STATEMENT
Title Hundred year history of the P. & O.: Peninsular and Oriental Steam Navigation Company
260 ## - PUBLICATION, DISTRIBUTION, ETC. (IMPRINT)
Place of publication, distribution, etc London:
Name of publisher, distributor, etc Lvor Nicholson and Watson,
Date of publication, distribution, etc 1937
300 ## - PHYSICAL DESCRIPTION
Extent x,289p
365 ## - TRADE PRICE
Price amount Rs.
650 ## - SUBJECT ADDED ENTRY--TOPICAL TERM
Topical term or geographic name as entry element History
650 ## - SUBJECT ADDED ENTRY--TOPICAL TERM
Topical term or geographic name as entry element Ocean Steam Travel
650 ## - SUBJECT ADDED ENTRY--TOPICAL TERM
Topical term or geographic name as entry element History-Peninsular-Oriental
942 ## - ADDED ENTRY ELEMENTS (KOHA)
Koha item type Book
Holdings
Withdrawn status Lost status Damaged status Not for loan Home library Current library Date acquired Total Checkouts Barcode Date last seen Price effective from
        Institute For Oriental Study, Thane Institute For Oriental Study, Thane 12/02/2009   IOS-4781 12/02/2009 12/02/2009